[Event "4. Continental de Ajedrez de Cali"]
[Site "Santiago de Cali COL"]
[Date "2007.07.17"]
[Round "8.14"]
[White "Uribe, Mauricio"]
[Black "Lafuente, Pablo"]
[Result "1/2-1/2"]
[WhiteElo "2354"]
[BlackElo "2454"]
[PlyCount "61"]
[EventDate "2007.07.11"]
[EventType "swiss"]
[EventRounds "1"]
[EventCountry "COL"]
[Source "lmi"]
[SourceDate "2007.07.11"]

1. e4 c6 2. d4 d5 3. Nc3 dxe4 4. Nxe4 Bf5 5. Ng3 Bg6 6. h4 h6 7. Nh3 e6 8. Nf4
Bh7 9. Bc4 Nf6 10. c3 Bd6 11. Nfh5 O-O 12. Bg5 Nbd7 13. Qf3 Bxg3 14. Nxg3 Qa5
15. Bxf6 Nxf6 16. O-O Qb6 17. Bd3 Bxd3 18. Qxd3 Rfd8 19. Qe2 Rd7 20. Rfd1 Rad8
21. Rd3 Qa6 22. Re3 Qxe2 23. Rxe2 Rd5 24. Ne4 Nd7 25. f4 b6 26. Rc1 Nf8 27. g3
Ng6 28. Kg2 Ne7 29. Rcc2 h5 30. Nd2 Nf5 31. Nf1 1/2-1/2

[Event "4. Continental de Ajedrez de Cali"]
[Site "Santiago de Cali COL"]
[Date "2007.07.17"]
[Round "8.16"]
[White "Spraggett, Kevin"]
[Black "Renteria, Jorge"]
[Result "1-0"]
[WhiteElo "2585"]
[BlackElo "2252"]
[PlyCount "67"]
[EventDate "2007.07.11"]
[EventType "swiss"]
[EventRounds "1"]
[EventCountry "COL"]
[Source "lmi"]
[SourceDate "2007.07.11"]

1. e4 c5 2. Nf3 d6 3. d4 cxd4 4. Nxd4 Nf6 5. Nc3 a6 6. Bg5 Nc6 7. Qd2 e6 8.
O-O-O Be7 9. h4 Bd7 10. f3 Nxd4 11. Qxd4 Qa5 12. Kb1 O-O 13. Qd2 Kh8 14. g4 Bc6
15. Be3 Qc7 16. h5 b5 17. g5 Nd7 18. Ne2 Ne5 19. Nd4 Rac8 20. Be2 Bd7 21. g6
Kg8 22. Rdg1 Bf6 23. c3 fxg6 24. hxg6 hxg6 25. Bg5 Nc4 26. Bxc4 Qxc4 27. Qh2
Bxd4 28. cxd4 Rxf3 29. Qh7+ Kf7 30. Bh6 Qd3+ 31. Ka1 Ke8 32. Qxg7 Kd8 33. Bg5+
Kc7 34. Rc1+ 1-0

[Event "4. Continental de Ajedrez de Cali"]
[Site "Santiago de Cali COL"]
[Date "2007.07.17"]
[Round "8.17"]
[White "Ramirez, Carlos"]
[Black "Garcia, Gildardo"]
[Result "1/2-1/2"]
[WhiteElo "2241"]
[BlackElo "2435"]
[PlyCount "107"]
[EventDate "2007.07.11"]
[EventType "swiss"]
[EventRounds "1"]
[EventCountry "COL"]
[Source "lmi"]
[SourceDate "2007.07.11"]

1. Nf3 d5 2. d4 Nf6 3. c4 dxc4 4. Nc3 Bg4 5. Ne5 Bf5 6. f3 Nfd7 7. Nxc4 e5 8.
e4 exd4 9. Qxd4 Nc6 10. Qf2 Be6 11. Be3 Bb4 12. Qc2 Nb6 13. Nxb6 axb6 14. Bb5
Qh4+ 15. Bf2 Qh5 16. O-O Bd6 17. Bg3 Bxg3 18. hxg3 O-O 19. Bxc6 bxc6 20. Ne2 c5
21. a3 Rfd8 22. Rad1 c4 23. Rxd8+ Rxd8 24. Rd1 Qc5+ 25. Kh2 Rd6 26. Rxd6 Qxd6
27. Nf4 Kf8 28. Qc3 c5 29. a4 Qd4 30. Qc1 Ke7 31. Ne2 Qe5 32. Nc3 f6 33. Qa1
Qh5+ 34. Kg1 Qg5 35. Qe1 Qe5 36. f4 Qd4+ 37. Kh2 Kf7 38. Qe2 g6 39. e5 fxe5 40.
fxe5 Bg4 41. Qf1+ Bf5 42. Qf4 Ke6 43. Qh6 Qxe5 44. Qxh7 Qf6 45. Qg8+ Kd7 46.
Qd5+ Ke8 47. Qxc4 Qh8+ 48. Qh4 Qg7 49. g4 Qe5+ 50. Qg3 Qh8+ 51. Kg1 Qd4+ 52.
Kh1 Bxg4 53. Qc7 Bd7 54. Qxb6 1/2-1/2

[Event "4. Continental de Ajedrez de Cali"]
[Site "Santiago de Cali COL"]
[Date "2007.07.17"]
[Round "8.18"]
[White "Mosquera, Miguel"]
[Black "Mesias, Rabindranath"]
[Result "0-1"]
[WhiteElo "2414"]
[BlackElo "2237"]
[PlyCount "68"]
[EventDate "2007.07.11"]
[EventType "swiss"]
[EventRounds "1"]
[EventCountry "COL"]
[Source "lmi"]
[SourceDate "2007.07.11"]

1. e4 c5 2. Nf3 Nf6 3. e5 Nd5 4. Nc3 e6 5. Nxd5 exd5 6. d4 Nc6 7. dxc5 Bxc5 8.
Qxd5 d6 9. exd6 Qb6 10. Qe4+ Be6 11. Qh4 f6 12. Bd3 O-O-O 13. O-O Bxd6 14. Qa4
Bb8 15. Be3 Qc7 16. Be4 Bd7 17. g3 g5 18. Rfd1 f5 19. Bd5 f4 20. Bc5 fxg3 21.
hxg3 h5 22. Nxg5 h4 23. Qb3 hxg3 24. fxg3 Qe5 25. Qe3 Qf6 26. Ne4 Qg6 27. Qg5
Qh7 28. Qh4 Qf5 29. Qf6 Qh3 30. Bd6 Rh6 31. Qf4 Qh2+ 32. Kf1 Bxd6 33. Nxd6+
Rxd6 34. Bg2 Bh3 0-1

[Event "4. Continental de Ajedrez de Cali"]
[Site "Santiago de Cali COL"]
[Date "2007.07.17"]
[Round "8.19"]
[White "Hungaski, Robert Andrew"]
[Black "Condori, Edwin"]
[Result "1-0"]
[WhiteElo "2399"]
[BlackElo "2207"]
[PlyCount "91"]
[EventDate "2007.07.11"]
[EventType "swiss"]
[EventRounds "1"]
[EventCountry "COL"]
[Source "lmi"]
[SourceDate "2007.07.11"]

1. e4 d6 2. d4 Nf6 3. Nc3 g6 4. f4 Bg7 5. Nf3 O-O 6. Bd3 Nc6 7. e5 dxe5 8. fxe5
Ng4 9. Be2 f6 10. h3 Nh6 11. exf6 exf6 12. Be3 Re8 13. Bf2 Nf5 14. O-O Bh6 15.
d5 Ne5 16. Bb5 Bd7 17. Bxd7 Qxd7 18. Ne4 Qf7 19. Nxe5 Rxe5 20. Qf3 Bg7 21. c4
Rae8 22. Rae1 Qe7 23. Nc3 Ne3 24. d6 cxd6 25. Bxe3 Rxe3 26. Nd5 Rxe1 27. Nxe7+
R1xe7 28. Qd5+ Kh8 29. Qxd6 f5 30. b4 Be5 31. Qd3 Bb8 32. Qd4+ Kg8 33. Qd5+ Kg7
34. g4 f4 35. c5 Rf8 36. h4 h6 37. b5 Rff7 38. c6 bxc6 39. bxc6 Bc7 40. Kh2 Re3
41. Rf3 Ree7 42. Qd4+ Be5 43. Qc5 Kh7 44. Rb3 Bf6 45. h5 Re1 46. Kg2 1-0

[Event "4. Continental de Ajedrez de Cali"]
[Site "Santiago de Cali COL"]
[Date "2007.07.17"]
[Round "8.20"]
[White "Alzate, Dario"]
[Black "Moreno, William"]
[Result "1-0"]
[WhiteElo "2392"]
[BlackElo "2194"]
[PlyCount "63"]
[EventDate "2007.07.11"]
[EventType "swiss"]
[EventRounds "1"]
[EventCountry "COL"]
[Source "lmi"]
[SourceDate "2007.07.11"]

1. e4 c5 2. Nf3 g6 3. d4 Bg7 4. Nc3 cxd4 5. Nxd4 Nc6 6. Be3 Nf6 7. Nb3 O-O 8.
Be2 a5 9. a4 d6 10. O-O Be6 11. f4 Qc8 12. Kh1 Rd8 13. Bb6 Rf8 14. Bg1 Rd8 15.
Bb6 Rf8 16. Bg1 Rd8 17. Nd5 Bxd5 18. exd5 Nb4 19. c4 Nd7 20. Qd2 b6 21. Ra3 Nc5
22. f5 Ra7 23. Nd4 Nd7 24. fxg6 hxg6 25. Rh3 Nf8 26. b3 Re8 27. Be3 e5 28. Nb5
Rd7 29. Bh6 f5 30. Bxg7 Kxg7 31. Qh6+ Kg8 32. Rxf5 1-0

[Event "4. Continental de Ajedrez de Cali"]
[Site "Santiago de Cali COL"]
[Date "2007.07.17"]
[Round "8.22"]
[White "Zuluaga, Cesar"]
[Black "Naranjo, Sebastian"]
[Result "1/2-1/2"]
[WhiteElo "2339"]
[BlackElo "2035"]
[PlyCount "40"]
[EventDate "2007.07.11"]
[EventType "swiss"]
[EventRounds "1"]
[EventCountry "COL"]
[Source "lmi"]
[SourceDate "2007.07.11"]

1. d4 e6 2. Nf3 c5 3. e3 Nc6 4. Bd3 Nf6 5. Nbd2 d5 6. c3 Bd6 7. dxc5 Bxc5 8. b4
Bd6 9. Bb2 O-O 10. a3 e5 11. e4 Bg4 12. h3 Bh5 13. g4 Bg6 14. Qe2 Re8 15. Rd1
Qc8 16. Nh4 dxe4 17. Nxe4 Nxe4 18. Bxe4 Nd4 19. Qd3 Bxe4 20. Qxe4 Be7 1/2-1/2

[Event "4. Continental de Ajedrez de Cali"]
[Site "Santiago de Cali COL"]
[Date "2007.07.17"]
[Round "8.23"]
[White "Arenas, David"]
[Black "Aranha Filho, Alvaro Z"]
[Result "0-1"]
[WhiteElo "2081"]
[BlackElo "2279"]
[PlyCount "132"]
[EventDate "2007.07.11"]
[EventType "swiss"]
[EventRounds "1"]
[EventCountry "COL"]
[Source "lmi"]
[SourceDate "2007.07.11"]

1. e4 c5 2. Nf3 e6 3. d4 cxd4 4. Nxd4 Nc6 5. Nxc6 bxc6 6. Bd3 e5 7. O-O Bc5 8.
Qe2 d6 9. Bc4 Nf6 10. Nc3 Bg4 11. Qd3 Bd4 12. Bb3 Be6 13. Bg5 h6 14. Bxf6 Qxf6
15. Na4 O-O 16. c3 Bxb3 17. axb3 Bb6 18. Nxb6 axb6 19. Qc4 Rac8 20. Rfd1 Rfd8
21. Ra7 d5 22. exd5 cxd5 23. Qa6 d4 24. cxd4 exd4 25. Qd3 Rc6 26. h3 Qg5 27.
Qf3 Rf6 28. Qe4 Qf5 29. Qxf5 Rxf5 30. Rd3 g5 31. Kf1 Rc5 32. Ra4 Rcd5 33. Ke2
Re5+ 34. Kd2 Rde8 35. Raxd4 Re2+ 36. Kc3 Rxf2 37. g4 Kg7 38. Rd6 b5 39. Rb6 Re5
40. Rc6 Rf4 41. b4 Rfe4 42. b3 Re6 43. Rc5 R4e5 44. Kd2 Kg6 45. Rf3 f6 46. Rfc3
Re2+ 47. Kd3 Rh2 48. Rxb5 Rxh3+ 49. Kd4 Rxc3 50. Kxc3 h5 51. gxh5+ Kxh5 52. Rb8
Kg4 53. b5 f5 54. Kc4 Rf6 55. b6 f4 56. b7 Rf7 57. Kd5 f3 58. Ke6 f2 59. Kxf7
f1=Q+ 60. Ke7 Qb5 61. Kd8 Qxb3 62. Ke7 Qc4 63. Kd7 Qd5+ 64. Kc7 Qc5+ 65. Kd7
Qb6 66. Kc8 Qc6+ 0-1

[Event "4. Continental de Ajedrez de Cali"]
[Site "Santiago de Cali COL"]
[Date "2007.07.17"]
[Round "8.24"]
[White "Ossa, Orlando"]
[Black "Alvarez, Javier"]
[Result "1-0"]
[WhiteElo "2272"]
[BlackElo "2100"]
[PlyCount "87"]
[EventDate "2007.07.11"]
[EventType "swiss"]
[EventRounds "1"]
[EventCountry "COL"]
[Source "lmi"]
[SourceDate "2007.07.11"]

1. e4 c5 2. c3 d6 3. d4 Nf6 4. Bd3 e5 5. Nf3 Bg4 6. O-O Be7 7. dxe5 Bxf3 8.
Qxf3 dxe5 9. Bb5+ Nbd7 10. Rd1 a6 11. Bxd7+ Nxd7 12. Qg4 O-O 13. Rxd7 Qc8 14.
Qd1 Rd8 15. Rxd8+ Qxd8 16. Qe2 c4 17. Be3 Qc7 18. Nd2 b5 19. a4 Qa5 20. f3 Rc8
21. Qf1 bxa4 22. Nxc4 Qb5 23. Nb6 Rc6 24. Qxb5 axb5 25. Nd5 Bd6 26. Kf1 f6 27.
Ke2 Kf7 28. Kd3 Ke6 29. Bb6 f5 30. Ba5 f4 31. Bb4 Bb8 32. g3 g5 33. g4 h6 34.
Rc1 Ba7 35. c4 Bd4 36. Ba3 Rc8 37. Rc2 b4 38. Bxb4 Rb8 39. c5 h5 40. gxh5 g4
41. fxg4 f3 42. c6 f2 43. Ke2 a3 44. bxa3 1-0

[Event "4. Continental de Ajedrez de Cali"]
[Site "Santiago de Cali COL"]
[Date "2007.07.17"]
[Round "8.25"]
[White "Guerrero, Juan Carlos"]
[Black "Cabrera Huaman, Andres"]
[Result "0-1"]
[WhiteElo "2144"]
[BlackElo "2268"]
[PlyCount "132"]
[EventDate "2007.07.11"]
[EventType "swiss"]
[EventRounds "1"]
[EventCountry "COL"]
[Source "lmi"]
[SourceDate "2007.07.11"]

1. d4 Nf6 2. c4 e6 3. Nf3 b6 4. g3 Ba6 5. b3 b5 6. cxb5 Bxb5 7. Bg2 Bb4+ 8. Bd2
a5 9. O-O O-O 10. Ne5 d5 11. a4 Bxd2 12. Qxd2 Be8 13. Rc1 Nfd7 14. Nxd7 Bxd7
15. e4 c6 16. Rc5 Bc8 17. Nc3 Qb6 18. exd5 cxd5 19. Rc1 Bd7 20. Bf1 Na6 21.
Bxa6 Qxa6 22. Nb5 Qb6 23. Qf4 Rab8 24. R1c3 h6 25. h4 f6 26. h5 Rfe8 27. Nc7
Re7 28. Qe3 Rf7 29. Qd3 Re7 30. Qa6 Qb4 31. Qd6 Kf7 32. Na6 Qb6 33. Qxb8 Qxa6
34. Qd8 e5 35. dxe5 Qe2 36. exf6 Qe1+ 37. Kg2 gxf6 38. Rc1 Qe4+ 39. Kg1 d4 40.
Rc7 Qf5 41. Qh8 Re2 42. Rf1 d3 43. Qxh6 d2 44. Qg6+ Kf8 45. Rxd7 Qxd7 46. Qxf6+
Qf7 47. Qd8+ Kg7 48. Qd4+ Kh6 49. Qh8+ Kg5 50. Qd8+ Kh6 51. Qb6+ Kh7 52. Qc5
Qe6 53. Qxa5 Kh6 54. Kh2 Rxf2+ 55. Rxf2 d1=Q 56. Qd2+ Qxd2 57. Rxd2 Qe3 58. Rg2
Kxh5 59. g4+ Kh4 60. Kh1 Qe1+ 61. Rg1 Qf2 62. Rg2 Qf1+ 63. Kh2 Qf4+ 64. Kg1 Kh3
65. Re2 Qf3 66. Ra2 Kg3 0-1

[Event "4. Continental de Ajedrez de Cali"]
[Site "Santiago de Cali COL"]
[Date "2007.07.17"]
[Round "8.26"]
[White "Gallego, Andres"]
[Black "Castro, Oscar H"]
[Result "1/2-1/2"]
[WhiteElo "2235"]
[BlackElo "2390"]
[PlyCount "137"]
[EventDate "2007.07.11"]
[EventType "swiss"]
[EventRounds "1"]
[EventCountry "COL"]
[Source "lmi"]
[SourceDate "2007.07.11"]

1. e4 d6 2. d4 Nf6 3. Nc3 g6 4. Be3 c6 5. Qd2 Nbd7 6. f3 b5 7. Nge2 Qa5 8. Nc1
Qc7 9. Bd3 Bg7 10. Bh6 O-O 11. h4 e5 12. N3e2 d5 13. exd5 cxd5 14. dxe5 Bxh6
15. Qxh6 Qxe5 16. c3 Re8 17. Qg5 Rb8 18. Qxe5 Nxe5 19. b4 d4 20. cxd4 Nc6 21.
Rb1 Nxd4 22. Kf2 Rd8 23. Rd1 Be6 24. Rb2 Nc6 25. Bc2 Ne5 26. Rxd8+ Rxd8 27. Bb3
Bc4 28. Nf4 h6 29. Bxc4 Nxc4 30. Rc2 g5 31. hxg5 hxg5 32. Nfd3 Nd5 33. Re2 Kg7
34. Re1 Kf6 35. Nb3 Nc3 36. Nbc5 Rd5 37. Rc1 Na4 38. Ne4+ Kg6 39. Ke2 f5 40.
Nc3 Nxc3+ 41. Rxc3 Rd6 42. a4 a6 43. a5 f4 44. Rc1 Kf5 45. Rh1 Ne3 46. g4+ Kg6
47. Rh8 Nc2 48. Rb8 Kf6 49. Nc5 Ke5 50. Ne4 Rc6 51. Re8+ Kd5 52. Nxg5 Nxb4 53.
Re4 Rc2+ 54. Kd1 Rc4 55. Rxc4 bxc4 56. Ne4 Nc6 57. g5 Nxa5 58. g6 Nc6 59. g7
Ne7 60. Nf6+ Kd4 61. Kc2 a5 62. g8=Q Nxg8 63. Nxg8 a4 64. Ne7 Ke3 65. Nd5+ Kxf3
66. Nb6 Ke2 67. Nxa4 f3 68. Nc3+ Ke1 69. Ne4 1/2-1/2

[Event "4. Continental de Ajedrez de Cali"]
[Site "Santiago de Cali COL"]
[Date "2007.07.17"]
[Round "8.28"]
[White "Bibiloni, Jorge"]
[Black "Sanchez Castillo, Sarai"]
[Result "1-0"]
[WhiteElo "2145"]
[BlackElo "2340"]
[PlyCount "129"]
[EventDate "2007.07.11"]
[EventType "swiss"]
[EventRounds "1"]
[EventCountry "COL"]
[Source "lmi"]
[SourceDate "2007.07.11"]

1. e4 c5 2. c4 Nc6 3. Nc3 g6 4. g3 Bg7 5. Bg2 e6 6. Nge2 Nge7 7. O-O O-O 8. d3
a6 9. a3 Rb8 10. Rb1 b5 11. cxb5 axb5 12. b4 cxb4 13. axb4 d5 14. exd5 Nxd5 15.
Nxd5 exd5 16. Nf4 Ne7 17. Qb3 Bb7 18. Bb2 d4 19. Ra1 Bxg2 20. Kxg2 Qd6 21. Rfe1
Rfd8 22. Ra7 Rd7 23. Rea1 Rbd8 24. h4 Nc6 25. Rxd7 Qxd7 26. Re1 Qd6 27. Ba3 Ne5
28. Re4 Qc6 29. f3 Qc3 30. Qxc3 dxc3 31. Bc1 h6 32. d4 Nc4 33. Ne2 f5 34. Re7
Bxd4 35. Bxh6 c2 36. g4 Bf6 37. Re6 Kf7 38. Rxf6+ Kxf6 39. Bg5+ Kf7 40. Bxd8
fxg4 41. fxg4 Ne3+ 42. Kf3 Nd5 43. Ba5 Kf6 44. Nc1 Ke5 45. Nb3 Nc3 46. Ke3 Nd5+
47. Kd2 Kf4 48. h5 gxh5 49. gxh5 Kg5 50. Kxc2 Kxh5 51. Kd3 Nf4+ 52. Kd4 Ne2+
53. Kc5 Nc3 54. Nc1 Kg5 55. Kd4 Na4 56. Nd3 Kf5 57. Bc7 Kf6 58. Nf2 Ke6 59. Nd1
Kd7 60. Ba5 Kd6 61. Nc3 Nb2 62. Nxb5+ Kc6 63. Nc3 Kd7 64. b5 Kc8 65. Bb4 1-0

[Event "4. Continental de Ajedrez de Cali"]
[Site "Santiago de Cali COL"]
[Date "2007.07.17"]
[Round "8.29"]
[White "Ostos, Julio"]
[Black "Palao, Maricela"]
[Result "1/2-1/2"]
[WhiteElo "2306"]
[BlackElo "2139"]
[PlyCount "82"]
[EventDate "2007.07.11"]
[EventType "swiss"]
[EventRounds "1"]
[EventCountry "COL"]
[Source "lmi"]
[SourceDate "2007.07.11"]

1. e4 e5 2. Nf3 Nf6 3. Nxe5 d6 4. Nf3 Nxe4 5. Nc3 Nxc3 6. dxc3 Be7 7. Bf4 Nc6
8. Qd2 Be6 9. O-O-O Qd7 10. Kb1 a6 11. Be2 O-O-O 12. Nd4 Nxd4 13. Qxd4 Bf6 14.
Qb4 Qc6 15. Bf3 Qb5 16. Qxb5 axb5 17. Rhe1 Rhe8 18. Re3 Re7 19. Rde1 Rde8 20.
Be4 h6 21. h3 h5 22. Kc1 Bh4 23. g3 Bf6 24. h4 g6 25. a3 Bd7 26. Bg5 Bxg5 27.
hxg5 b6 28. Kd2 Kd8 29. f4 c6 30. Bf3 Rxe3 31. Rxe3 Rxe3 32. Kxe3 Ke7 33. f5 d5
34. fxg6 fxg6 35. Be2 Bf5 36. Bd3 Ke6 37. Kf4 Bxd3 38. cxd3 Kd6 39. d4 Ke6 40.
g4 hxg4 41. Kxg4 Kd6 1/2-1/2

[Event "4. Continental de Ajedrez de Cali"]
[Site "Santiago de Cali COL"]
[Date "2007.07.17"]
[Round "8.30"]
[White "Quinones, Cesar"]
[Black "Panesso, Henry"]
[Result "0-1"]
[WhiteElo "2268"]
[BlackElo "2143"]
[PlyCount "100"]
[EventDate "2007.07.11"]
[EventType "swiss"]
[EventRounds "1"]
[EventCountry "COL"]
[Source "lmi"]
[SourceDate "2007.07.11"]

1. e4 e6 2. Qe2 b6 3. g3 Bb7 4. Bg2 Nf6 5. d3 d5 6. Nd2 dxe4 7. Nxe4 Nxe4 8.
Bxe4 Bxe4 9. dxe4 Be7 10. Bf4 O-O 11. Nf3 Qc8 12. Ne5 c5 13. O-O-O Nc6 14. Nf3
Na5 15. h4 Qc6 16. h5 Rfd8 17. Ne5 Qe8 18. Qg4 Bf6 19. h6 g6 20. Qe2 Qe7 21.
Ng4 e5 22. Be3 Nc6 23. c3 Bh8 24. f3 f5 25. exf5 gxf5 26. Nf2 Qe6 27. Rh5 Bf6
28. Bg5 Rxd1+ 29. Qxd1 Rd8 30. Qc2 Ne7 31. g4 Bxg5+ 32. Rxg5+ Kf8 33. Rh5 Qxa2
34. gxf5 Qa1+ 35. Qb1 Qa4 36. Qe4 Qa1+ 37. Qb1 Qa6 38. Qc2 Qf1+ 39. Nd1 Qxf3
40. Rh4 Nxf5 41. Ra4 a5 42. Ra3 c4 43. Ra4 Qf1 44. Ra1 Ne3 45. Qf2+ Qxf2 46.
Nxf2 Ke7 47. Rb1 a4 48. Ra1 b5 49. Ra2 Ke6 50. Ra1 Kf5 0-1

[Event "4. Continental de Ajedrez de Cali"]
[Site "Santiago de Cali COL"]
[Date "2007.07.17"]
[Round "8.31"]
[White "Minaya, Juan"]
[Black "Jukemura, Leandro"]
[Result "1/2-1/2"]
[WhiteElo "2254"]
[BlackElo "2025"]
[PlyCount "43"]
[EventDate "2007.07.11"]
[EventType "swiss"]
[EventRounds "1"]
[EventCountry "COL"]
[Source "lmi"]
[SourceDate "2007.07.11"]

1. e4 c5 2. Nc3 e6 3. g3 d5 4. Bg2 dxe4 5. Nxe4 Bd7 6. Nf3 Bc6 7. Qe2 Nd7 8. d3
Ngf6 9. Bf4 Nxe4 10. dxe4 Be7 11. O-O O-O 12. Rfd1 Qb6 13. Ne5 Nxe5 14. Bxe5
Rfd8 15. Qg4 Bf8 16. Bf6 Rxd1+ 17. Rxd1 Kh8 18. Bc3 Rd8 19. h4 Rxd1+ 20. Qxd1
Qc7 21. h5 h6 22. Bf3 1/2-1/2

[Event "4. Continental de Ajedrez de Cali"]
[Site "Santiago de Cali COL"]
[Date "2007.07.17"]
[Round "8.32"]
[White "Peña, Alfredo"]
[Black "Mateus, Martha"]
[Result "1-0"]
[WhiteElo "2248"]
[BlackElo "2127"]
[PlyCount "77"]
[EventDate "2007.07.11"]
[EventType "swiss"]
[EventRounds "1"]
[EventCountry "COL"]
[Source "lmi"]
[SourceDate "2007.07.11"]

1. e4 c5 2. Nf3 d6 3. d4 cxd4 4. Nxd4 Nf6 5. f3 e5 6. Nb3 Be6 7. c4 a5 8. a4
Be7 9. Be3 Na6 10. Be2 O-O 11. O-O Rc8 12. Na3 Nd7 13. Nd2 Ndc5 14. Ndb1 f5 15.
Nc3 fxe4 16. fxe4 Rxf1+ 17. Bxf1 Qe8 18. Be2 Nb4 19. Nab5 Qf8 20. b3 Kh8 21.
Rb1 Bd7 22. Bg4 Bxg4 23. Qxg4 Nc2 24. Bf2 Nd3 25. Rf1 d5 26. Bd4 exd4 27. Rxf8+
Rxf8 28. Nxd5 Bc5 29. h3 Nf2 30. Qh5 d3 31. Kh2 Nxe4 32. Ndc3 Ne3 33. Nxe4 Nf1+
34. Kh1 Bb4 35. Nd4 d2 36. Ne6 Ne3 37. Nxd2 Rg8 38. Ng5 h6 39. Qg6 1-0

[Event "4. Continental de Ajedrez de Cali"]
[Site "Santiago de Cali COL"]
[Date "2007.07.17"]
[Round "8.33"]
[White "Sequera, Jose"]
[Black "Sanchez, Victor"]
[Result "1-0"]
[WhiteElo "2432"]
[BlackElo "2232"]
[PlyCount "103"]
[EventDate "2007.07.11"]
[EventType "swiss"]
[EventRounds "1"]
[EventCountry "COL"]
[Source "lmi"]
[SourceDate "2007.07.11"]

1. e4 e5 2. Nf3 Nc6 3. d4 exd4 4. Nxd4 Nf6 5. Nxc6 bxc6 6. e5 Qe7 7. Qe2 Nd5 8.
c4 Nb6 9. Nc3 Ba6 10. Qe4 Qe6 11. f4 d5 12. cxd5 cxd5 13. Nxd5 Nxd5 14. Qa4+ c6
15. Bxa6 Bb4+ 16. Kf1 O-O 17. a3 Be7 18. Qe4 f6 19. Bd3 g6 20. g3 fxe5 21. Kg2
Bf6 22. Rf1 Bg7 23. Bd2 Rae8 24. Rae1 Qd7 25. f5 Nf6 26. Bc4+ Kh8 27. Qc2 gxf5
28. Rxf5 Ng4 29. Ref1 Rxf5 30. Rxf5 Qd4 31. Rf7 Rf8 32. Rxf8+ Bxf8 33. Bg5 Be7
34. Bxe7 Ne3+ 35. Kf3 Nxc4 36. Qf5 e4+ 37. Kf4 e3+ 38. Kf3 Qd1+ 39. Kg2 Qd5+
40. Qxd5 cxd5 41. Bc5 a6 42. Kf3 Kg8 43. b3 Nd2+ 44. Kxe3 Nxb3 45. Bb6 Kf7 46.
Kd3 Nc1+ 47. Kd2 Na2 48. Kc2 Ke6 49. Kb2 Kf5 50. Kxa2 Kg4 51. Kb3 Kh3 52. Kc3
1-0

[Event "4. Continental de Ajedrez de Cali"]
[Site "Santiago de Cali COL"]
[Date "2007.07.17"]
[Round "8.35"]
[White "Nina, Miguel Angel"]
[Black "Garcia, Alvaro"]
[Result "0-1"]
[WhiteElo "2312"]
[BlackElo "2156"]
[PlyCount "94"]
[EventDate "2007.07.11"]
[EventType "swiss"]
[EventRounds "1"]
[EventCountry "COL"]
[Source "lmi"]
[SourceDate "2007.07.11"]

1. d4 Nf6 2. Nf3 d5 3. Bg5 Bf5 4. c4 c6 5. Nc3 Nbd7 6. e3 Ne4 7. cxd5 Nxc3 8.
bxc3 cxd5 9. Qb3 Nb6 10. a4 f6 11. Bf4 Qc8 12. Nd2 e6 13. f3 g5 14. Bg3 h5 15.
e4 Bg6 16. Bb5+ Kf7 17. a5 h4 18. Bf2 a6 19. Be2 Nd7 20. exd5 exd5 21. Qxd5+
Kg7 22. O-O Bf7 23. Qf5 Bg6 24. Qe6 Bf7 25. Qe3 Bd6 26. Ne4 Bf4 27. Qxf4 gxf4
28. c4 Qc7 29. Rfc1 Rae8 30. Bd3 Rh5 31. h3 f5 32. Nd2 Re3 33. Bf1 Rh6 34. c5
Rg6 35. Re1 Rxe1 36. Rxe1 Re6 37. Rb1 Re3 38. Bxh4 Nb8 39. Nc4 Bxc4 40. Bxc4
Nc6 41. Rb6 Rc3 42. Ba2 Qd7 43. d5 Rxc5 44. dxc6 Rc1+ 45. Kh2 Qd1 46. Bf6+ Kg6
47. Bf7+ Kxf7 0-1

[Event "4. Continental de Ajedrez de Cali"]
[Site "Santiago de Cali COL"]
[Date "2007.07.17"]
[Round "8.36"]
[White "Franco, Beatriz"]
[Black "Gutierrez, Jose Antonio"]
[Result "1/2-1/2"]
[WhiteElo "2130"]
[BlackElo "2283"]
[PlyCount "56"]
[EventDate "2007.07.11"]
[EventType "swiss"]
[EventRounds "1"]
[EventCountry "COL"]
[Source "lmi"]
[SourceDate "2007.07.11"]

1. e4 c5 2. Nc3 g6 3. g3 Bg7 4. Bg2 Nc6 5. d3 e6 6. Be3 Nd4 7. Qd2 Ne7 8. Nd1
d6 9. c3 Ndc6 10. Nf3 b6 11. Bh6 Bf6 12. Ne3 Ng8 13. Ng4 Nxh6 14. Qxh6 e5 15.
Bh3 Bxg4 16. Bxg4 Ne7 17. Rd1 Ng8 18. Qe3 h5 19. Bh3 Nh6 20. d4 exd4 21. cxd4
Ng4 22. Qd3 O-O 23. O-O Bg7 24. Bg2 Rc8 25. h3 Nh6 26. b3 Qe7 27. Rfe1 Rfd8 28.
Re2 Re8 1/2-1/2

[Event "4. Continental de Ajedrez de Cali"]
[Site "Santiago de Cali COL"]
[Date "2007.07.17"]
[Round "8.38"]
[White "Avalos Parra, Joao"]
[Black "Becerra, Juan David"]
[Result "1-0"]
[WhiteElo "2272"]
[BlackElo "2104"]
[PlyCount "71"]
[EventDate "2007.07.11"]
[EventType "swiss"]
[EventRounds "1"]
[EventCountry "COL"]
[Source "lmi"]
[SourceDate "2007.07.11"]

1. d4 d5 2. c4 c6 3. Nf3 Nf6 4. Nc3 dxc4 5. a4 Bf5 6. e3 e6 7. Bxc4 Nbd7 8. O-O
Bd6 9. Qe2 e5 10. dxe5 Nxe5 11. Nxe5 Bxe5 12. e4 Bg6 13. Be3 O-O 14. f3 Qa5 15.
Rfb1 Nh5 16. g3 Bxc3 17. bxc3 Qxc3 18. Rc1 Qe5 19. a5 Rfe8 20. Qf2 Nf6 21. Bxa7
Qh5 22. Be2 Rad8 23. Be3 Qe5 24. Bf4 Qe7 25. Qc5 Qe6 26. Bc4 Qh3 27. Bf1 Qd7
28. Ra3 Qc8 29. Rb3 Nh5 30. Be3 Qb8 31. Rcb1 Rd7 32. Qxc6 Qxg3+ 33. hxg3 bxc6
34. a6 Rdd8 35. a7 Nf6 36. Rb8 1-0

[Event "4. Continental de Ajedrez de Cali"]
[Site "Santiago de Cali COL"]
[Date "2007.07.17"]
[Round "8.39"]
[White "Santiago Lastra, Nefi"]
[Black "Martinez, Julian"]
[Result "1-0"]
[WhiteElo "2106"]
[BlackElo "2251"]
[PlyCount "52"]
[EventDate "2007.07.11"]
[EventType "swiss"]
[EventRounds "1"]
[EventCountry "COL"]
[Source "lmi"]
[SourceDate "2007.07.11"]

1. h3 e5 2. d4 exd4 3. Nf3 Nc6 4. Nxd4 d5 5. Nxc6 bxc6 6. g3 Nf6 7. Bg2 Bc5 8.
O-O O-O 9. c4 Re8 10. cxd5 cxd5 11. Bg5 Be6 12. Qc2 Be7 13. Rd1 Qd7 14. Nc3 c6
15. Kh2 Bf5 16. e4 Bg6 17. Qa4 Nxe4 18. Nxd5 Bxg5 19. Nf6+ Nxf6 20. Rxd7 Nxd7
21. Qg4 Nf6 22. Qxg5 Be4 23. Re1 Bxg2 24. Rxe8+ Rxe8 25. Kxg2 Re2 26. Qc1 h6
1-0

[Event "4. Continental de Ajedrez de Cali"]
[Site "Santiago de Cali COL"]
[Date "2007.07.17"]
[Round "8.40"]
[White "Perez, Olarte Cesar Camilo"]
[Black "Ruiz, Pablo"]
[Result "1-0"]
[WhiteElo "2056"]
[BlackElo "2247"]
[PlyCount "81"]
[EventDate "2007.07.11"]
[EventType "swiss"]
[EventRounds "1"]
[EventCountry "COL"]
[Source "lmi"]
[SourceDate "2007.07.11"]

1. e4 c5 2. Nf3 Nc6 3. d4 cxd4 4. Nxd4 Nf6 5. Nc3 d6 6. Be2 g6 7. O-O Bg7 8.
Nb3 O-O 9. Re1 Be6 10. Bg5 Re8 11. Bf1 d5 12. Bxf6 Bxf6 13. Nxd5 Bxb2 14. Rb1
Be5 15. Nc5 b6 16. Nxe6 fxe6 17. Bb5 Rc8 18. Ne3 Qc7 19. Qg4 Kg7 20. Qh4 Rf8
21. Ng4 Bd4 22. Rbd1 Bc5 23. Qh6+ Kh8 24. Qg5 Nd4 25. Ba6 Rcd8 26. c3 Nc6 27.
Bb5 Rd6 28. Bxc6 Rxc6 29. Rd3 Qf4 30. Qh4 h5 31. Rf3 Qd2 32. Rxf8+ Kg7 33. Rf1
Kxf8 34. Ne5 Rc8 35. Nxg6+ Ke8 36. Qxh5 Qxc3 37. Rd1 Bd4 38. Nf4+ Kd7 39. Ne2
Qc5 40. Qg4 Ke8 41. Nxd4 1-0